000 00538nam a2200181Ia 4500
003 GCL
005 20240530103848.0
008 140319s9999 xx 000 0 ara d
040 _aGCL /
_cGCL
082 0 4 _a333.9
_bم ا
100 0 _aمحمد حامد عبدالله
245 1 0 _aاقتصاديات الموارد /
_cمحمد حامد عبدالله
300 _a398 ص
650 0 4 _aالقوى العاملة
650 0 4 _aالموارد الاقتصادية
650 0 4 _aاقتصاديات الموارد
942 _2ddc
_cBK
999 _c43055
_d43055